William Shakespeare : the final plays: (Record no. 54613)
[ view plain ]
| 000 -LEADER | |
|---|---|
| fixed length control field | 00679nam a2200205 a 4500 |
| 001 - CONTROL NUMBER | |
| control field | 54613 |
| 003 - CONTROL NUMBER IDENTIFIER | |
| rucl marc code | BD-RjUL |
| 005 - DATE AND TIME OF LATEST TRANSACTION | |
| control field | 20211209080139.0 |
| 008 - FIXED-LENGTH DATA ELEMENTS--GENERAL INFORMATION | |
| fixed length control field | 161108s1963 xxu||||| |||| 00| 0 eng d |
| 035 ## - SYSTEM CONTROL NUMBER | |
| System control number | (BD-RjUL)54735 |
| 040 ## - CATALOGING SOURCE | |
| Original cataloging agency | BD-RjUL |
| Language of cataloging | eng |
| Transcribing agency | BD-RjUL |
| 041 ## - LANGUAGE CODE | |
| Language code of text/sound track or separate title | eng |
| 082 ## - DEWEY DECIMAL CLASSIFICATION NUMBER | |
| Edition number | 23 |
| Classification number | 822.33 |
| Author mark and year | KEW 1963 |
| 100 ## - MAIN ENTRY--PERSONAL NAME | |
| Personal name | Kermode, Frank . |
| 9 (RLIN) | 159883 |
| 245 ## - TITLE STATEMENT | |
| Title | William Shakespeare : the final plays: |
| Remainder of title | Cymbeline, the Winter's Tale, the tempest, the Two Noble Kinsmen / |
| Statement of responsibility, etc. | by Frank Kermode. |
| 260 ## - PUBLICATION, DISTRIBUTION, ETC. (IMPRINT) | |
| Place of publication, distribution, etc. | London : |
| Name of publisher, distributor, etc. | Longmans, Green, |
| Date of publication, distribution, etc. | 1963. |
| 300 ## - PHYSICAL DESCRIPTION | |
| Pagination | 59 p. : |
| Illustrations | ill, ; |
| Size | 22 cm. |
| 600 ## - SUBJECT ADDED ENTRY--PERSONAL NAME | |
| Personal name | Shakespeare, William, -- 1564-1616 -- Tragicomedies. |
| 942 ## - ADDED ENTRY ELEMENTS (KOHA) | |
| Source of classification or shelving scheme | Dewey Decimal Classification |
| Koha item type | Books |
| Lost status | Source of classification or shelving scheme | Damaged status | Not for loan | Collection code | Permanent Location | Current Location | Shelving location | Date acquired | Source of acquisition | Cost, normal purchase price | Total Checkouts | Full call number | Date last seen | Copy number | Koha item type |
|---|---|---|---|---|---|---|---|---|---|---|---|---|---|---|---|
| Dewey Decimal Classification | Non-fiction | Central Library, University of Rajshahi | Central Library, University of Rajshahi | 13/12/1963 | Zeitlinger | 26.00 | 822.33 KEW 1963 | 08/11/2016 | C-2 | Books | |||||
| Dewey Decimal Classification | Not For Loan | Central Library, University of Rajshahi | Central Library, University of Rajshahi | Reading Room | 13/12/1963 | Zeitlinger | 26.00 | 822.33 KEW 1963 | 24/02/2021 | C-1 | Books |